000 00967nam a22002057a 4500
001 10018
003 FISKH
005 20260401113241.0
008 260330b cb ||||| |||| 00| 0 eng d
020 _a9787802467897
040 _aFISKH
_bchi
_cFISKH
_dFISKH
082 _a813
100 _a 应璐 (Ying Lu)
245 _a爷爷的牙,我的牙 /
_cBy 应璐 (Ying Lu)
300 _a32 unnumbered pages :
_bcolor illustrations ;
_c25 cm .
520 _a这本书讲述了一个小男孩和他的爷爷之间温暖、有趣的故事。书中通过小男孩换牙的经历,让他对爷爷的牙齿产生了好奇,两人之间发生了许多互动和对话。在这个过程中,孩子不仅了解了牙齿的变化,也体会到了爷爷的关爱与家庭的温暖。整本书画风柔和、充满童趣,适合儿童阅读,同时传递了亲情和成长的主题。
700 _a张卫东 (Zhang Weidong)
942 _2ddc
_cBOOK
_n0
999 _c10018
_d10018